000 00962nam a2200265 4500
003 OSt
005 20260530113841.0
008 260508b1998 hk a|||| |||| 00| 0 eng d
020 _a1 86154 167 8
040 _aICI
_bspa
_cICI
041 _aeng
050 0 0 _aGV749
_bS64 1998
100 1 _aBayley, Stephen,
_eeditor
_930213
245 1 4 _aThe Sneaker Book : un libro de zapatos tenis :
_b50 years of sports shoe design /
_c[edited by] Stephen Bayley
264 1 _aLondon :
_bBooth-Clibborn Editions,
300 _a1 volume (unpaged) :
_billustrations (some color)
336 _atexto
_2rdacontent
337 _asin medio
_2rdamedia
338 _avolumen
_2rdacarrier
500 _aPublicado originalmente en asociación con el Design Museum de Londres.
650 4 _aCalzado deportivo
_xDiseño
_ySiglo XX.
_930214
650 4 _aCalzado deportivoCalzado deportivo
_xHistoria.
_930215
710 2 _aDesign Museum (London, England)
_930216
942 _2lcc
_cBK
_n1
999 _c11120
_d11120